[Event "BL 1819 SV 1920 Hofheim - Hamburger SK"]
[Site "?"]
[Date "2018.12.15"]
[Round "5.7"]
[White "Engel, Luis"]
[Black "Margolin, Boris"]
[Result "1-0"]
[WhiteElo "2466"]
[BlackElo "2391"]
[PlyCount "115"]
[EventDate "2018.??.??"]

1. e4 e6 2. d4 d5 3. Nd2 Nc6 4. Ngf3 Nf6 5. e5 Nd7 6. c4 dxc4 7. Nxc4 Nb6 8. a3
h6 9. Bd3 Bd7 10. Ne3 Ne7 11. b3 Bc6 12. Bb2 Ned5 13. g3 Nxe3 14. fxe3 Qd7 15.
O-O Bb5 16. Bxb5 Qxb5 17. a4 Qd7 18. e4 a5 19. Rc1 Bb4 20. Ne1 O-O 21. Nd3 Be7
22. Qg4 f5 23. exf6 Bxf6 24. Kg2 Bxd4 25. Rxf8+ Rxf8 26. Bxd4 Qxd4 27. Rxc7 Kh7
28. Kh3 Rg8 29. Nf4 Qxe4 30. Qxe6 Qxe6+ 31. Nxe6 Nd5 32. Rxb7 Nf6 33. Ra7 Re8
34. Nxg7 Rb8 35. Nh5+ Kg6 36. Nf4+ Kf5 37. Rxa5+ Ke4 38. Ra6 Kf5 39. Ne2 Rd8
40. Ra5+ Ke4 41. Nc3+ Kd3 42. Rf5 Rd6 43. Rf3+ Kc2 44. Nb5 Ra6 45. Kh4 Ne4 46.
Kh5 Nd2 47. Nd4+ Kb2 48. Re3 Rd6 49. Nf5 Ra6 50. Nxh6 Ra5+ 51. Kg6 Nxb3 52. h4
Nd4 53. g4 Ra6+ 54. Kg5 Ne6+ 55. Rxe6 Rxe6 56. h5 Re8 57. Kf6 Kc3 58. Nf7 1-0

[Event "BL 1819 SV 1920 Hofheim - Hamburger SK"]
[Site "?"]
[Date "2018.12.15"]
[Round "5.8"]
[White "Zude, Erik"]
[Black "Hoolt, Sarah"]
[Result "0-1"]
[WhiteElo "2405"]
[BlackElo "2352"]
[PlyCount "102"]
[EventDate "2018.??.??"]

1. c4 c5 2. Nf3 g6 3. e3 Bg7 4. d4 Nf6 5. Nc3 O-O 6. d5 e6 7. Bd3 exd5 8. cxd5
a6 9. a4 d6 10. h3 Re8 11. O-O Nbd7 12. Re1 Nh5 13. e4 Ne5 14. Be2 Qf6 15. Nxe5
Rxe5 16. g3 Bxh3 17. Ra3 Rae8 18. Rb3 Bc8 19. Kg2 Qe7 20. Bd2 Qd7 21. Rh1 Nf6
22. Bf4 R5e7 23. f3 Nh5 24. Bg5 f6 25. Bd2 f5 26. Bd3 Nf6 27. exf5 c4 28. Bxc4
Qxf5 29. Rb6 Rc7 30. Ba2 Bf8 31. Rb4 Rf7 32. Rf4 Qd7 33. g4 Bg7 34. Re1 Rfe7
35. Rxe7 Rxe7 36. Rc4 h5 37. Bb1 hxg4 38. Bxg6 b5 39. Rd4 gxf3+ 40. Qxf3 Bb7
41. Bg5 Nxd5 42. Nxd5 Re6 43. Bf5 Bxd4 44. Bxe6+ Qxe6 45. Ne7+ Qxe7 46. Bxe7
Bxf3+ 47. Kxf3 bxa4 48. Bxd6 Bxb2 49. Ke4 a3 50. Bxa3 Bxa3 51. Kd3 a5 0-1

[Event "?"]
[Site "?"]
[Date "2018.12.16"]
[Round "6.1"]
[White "Malakhov, Vladimir"]
[Black "Harikrishna, Pentala"]
[Result "1/2-1/2"]
[WhiteElo "2658"]
[BlackElo "2725"]
[PlyCount "62"]
[EventDate "2018.??.??"]

1. Nf3 d5 2. g3 c5 3. Bg2 Nc6 4. d4 e6 5. O-O Nf6 6. c4 dxc4 7. dxc5 Qxd1 8.
Rxd1 Bxc5 9. Nbd2 c3 10. bxc3 O-O 11. Nb3 Be7 12. Nfd4 Bd7 13. Nxc6 Bxc6 14.
Bxc6 bxc6 15. Bg5 h6 16. Bxf6 Bxf6 17. Rac1 Rfb8 18. Rc2 Rd8 19. Rxd8+ Rxd8 20.
c4 Kf8 21. c5 Ke8 22. Rc4 Rd7 23. e3 Kd8 24. Kf1 h5 25. Ke2 Be7 26. Rf4 Bf6 27.
h3 Kc8 28. Rb4 Be7 29. f4 g5 30. Rd4 Rxd4 31. exd4 g4 1/2-1/2

[Event "BL 1819 SG Solingen - SC Viernheim"]
[Site "?"]
[Date "2018.12.16"]
[Round "6.2"]
[White "Ragger, Markus"]
[Black "Kryvoruchko, Yuriy"]
[Result "1-0"]
[WhiteElo "2687"]
[BlackElo "2687"]
[PlyCount "115"]
[EventDate "2018.??.??"]

1. e4 e5 2. Nf3 Nc6 3. Bc4 Bc5 4. c3 Nf6 5. d3 d6 6. O-O O-O 7. Re1 a6 8. a4
Ba7 9. h3 Ne7 10. d4 Ng6 11. Bd3 c6 12. Be3 Nh5 13. Bf1 Nhf4 14. dxe5 dxe5 15.
Qxd8 Rxd8 16. Bxa7 Rxa7 17. Nbd2 Be6 18. Nc4 Bxc4 19. Bxc4 h6 20. a5 Nh5 21.
Rad1 Raa8 22. Nd2 Nf6 23. Nb3 Rxd1 24. Rxd1 Nxe4 25. Rd7 Rb8 26. Rxf7 Kh7 27.
Bd3 Ng5 28. Rd7 e4 29. Bc2 b6 30. h4 Nxh4 31. f4 Ne6 32. Bxe4+ Kg8 33. Bxc6 Kh8
34. Rb7 Rxb7 35. Bxb7 bxa5 36. g3 a4 37. Na5 Nf5 38. Bc8 Nxg3 39. Bxe6 a3 40.
bxa3 Ne2+ 41. Kf2 Nxc3 42. Bc4 Nb1 43. Bxa6 Nxa3 44. Bd3 g5 45. f5 Kg7 46. Kf3
h5 47. Nc6 Kf6 48. Ke4 g4 49. Kf4 g3 50. Nd4 g2 51. Nf3 h4 52. Ng1 Kf7 53. Ke5
Ke7 54. f6+ Kf7 55. Nh3 Kf8 56. Ke6 Ke8 57. f7+ Kf8 58. Ng1 1-0

[Event "BL 1819 SG Solingen - SC Viernheim"]
[Site "?"]
[Date "2018.12.16"]
[Round "6.3"]
[White "Amin, Bassem"]
[Black "Van Wely, Loek"]
[Result "1-0"]
[WhiteElo "2710"]
[BlackElo "2625"]
[PlyCount "81"]
[EventDate "2018.??.??"]

1. e4 c5 2. Nf3 d6 3. Bb5+ Nd7 4. O-O a6 5. Bd3 Ngf6 6. Re1 e6 7. c3 b5 8. Bc2
c4 9. a4 Bb7 10. d4 cxd3 11. Qxd3 Nc5 12. Qe2 bxa4 13. e5 dxe5 14. Nxe5 Bd6 15.
Nd2 Bxe5 16. Qxe5 Nd3 17. Bxd3 Qxd3 18. Rxa4 O-O 19. Nb3 Bd5 20. Na5 Rfc8 21.
Rd4 Qg6 22. Qg3 Rc5 23. Qxg6 hxg6 24. Ra4 Rb8 25. c4 Ba8 26. b4 Bc6 27. Bf4
Bxa4 28. Bxb8 Rc8 29. Bf4 Rd8 30. f3 Rd3 31. Ra1 Bd7 32. Kf2 e5 33. Bxe5 Rd2+
34. Ke3 Rxg2 35. Rd1 Be6 36. Rd6 Ra2 37. Bxf6 gxf6 38. Kd4 Rd2+ 39. Kc5 Rf2 40.
Rxa6 Rxf3 41. b5 1-0

[Event "BL 1819 SG Solingen - SC Viernheim"]
[Site "?"]
[Date "2018.12.16"]
[Round "6.4"]
[White "L'Ami, Erwin"]
[Black "Fedorchuk, Sergey A"]
[Result "1-0"]
[WhiteElo "2642"]
[BlackElo "2609"]
[PlyCount "161"]
[EventDate "2018.??.??"]

1. d4 Nf6 2. c4 e6 3. Nf3 b6 4. g3 Bb7 5. Bg2 Bb4+ 6. Bd2 Be7 7. O-O c6 8. Bc3
O-O 9. Nbd2 d5 10. Qc2 Nbd7 11. Rfd1 Qc7 12. Rac1 Rac8 13. b3 h6 14. Qb2 Qb8
15. Ne5 Rfd8 16. e4 Nxe5 17. dxe5 Nxe4 18. Nxe4 dxe4 19. Bxe4 c5 20. Qe2 Qa8
21. Bxb7 Qxb7 22. h4 Rxd1+ 23. Rxd1 Rd8 24. Rxd8+ Bxd8 25. Qd3 Be7 26. h5 Bg5
27. f3 Qc6 28. Kf2 Qb7 29. Ke2 Qc6 30. Kd1 Qb7 31. Kc2 Qc6 32. Kd1 Qb7 33. Ke1
Qc6 34. Kf2 Qb7 35. f4 Be7 36. Qf3 Qc8 37. Qe4 Bf8 38. Ke2 Be7 39. Bd2 Bf8 40.
g4 Qe8 41. Be1 Qd8 42. Bf2 Be7 43. Qb7 Bh4 44. Be3 Qe7 45. Qxe7 Bxe7 46. f5 Bh4
47. Kf3 Kh7 48. Bd2 Be7 49. Ke4 Kg8 50. f6 Bd8 51. Bc3 Kh7 52. Kd3 Bc7 53. Kc2
Kg8 54. Kb2 Kf8 55. b4 gxf6 56. exf6 cxb4 57. Bxb4+ Ke8 58. Kc2 Bf4 59. Kd3 Bg5
60. Bd2 Bxf6 61. Bxh6 Bb2 62. Ke4 f6 63. a4 Kf7 64. Bf4 Ba3 65. Bb8 a5 66. Bc7
Bc5 67. Bd8 Bg1 68. g5 f5+ 69. Kf4 Bh2+ 70. Kf3 e5 71. g6+ Kg7 72. Kg2 Bf4 73.
Bxb6 e4 74. c5 Be3 75. Ba7 Bf4 76. c6 Bc7 77. Kh3 Kh6 78. Bd4 f4 79. Kg4 Bd6
80. Bb6 f3 81. Be3+ 1-0

[Event "BL 1819 SG Solingen - SC Viernheim"]
[Site "?"]
[Date "2018.12.16"]
[Round "6.5"]
[White "Kovalenko, Igor"]
[Black "Predojevic, Borki"]
[Result "1-0"]
[WhiteElo "2657"]
[BlackElo "2620"]
[PlyCount "81"]
[EventDate "2018.??.??"]

1. c4 e6 2. g3 d5 3. Bg2 Nf6 4. Nf3 dxc4 5. Qa4+ c6 6. Qxc4 b5 7. Qc2 Bb7 8.
O-O Nbd7 9. Rd1 Rc8 10. Nc3 Be7 11. d4 b4 12. Ne4 Nxe4 13. Qxe4 O-O 14. Be3 Nf6
15. Qh4 Ba6 16. Rd2 Nd5 17. Qe4 Nxe3 18. Qxe3 c5 19. Ne5 c4 20. Nc6 Rxc6 21.
Bxc6 Bg5 22. f4 Bf6 23. a3 Qb6 24. Bf3 Rd8 25. Kg2 b3 26. Rad1 g6 27. Qc3 Qb5
28. Rc1 Rd7 29. Rdd1 Bd8 30. Qb4 Qxb4 31. axb4 Bb5 32. e4 Be7 33. Be2 Rc7 34.
d5 exd5 35. exd5 Bd6 36. Rd4 a6 37. Bxc4 Kg7 38. Kf3 Rc8 39. Ke2 Bxb4 40. d6
Re8+ 41. Kf3 1-0

[Event "BL 1819 SG Solingen - SC Viernheim"]
[Site "?"]
[Date "2018.12.16"]
[Round "6.6"]
[White "Tari, Aryan"]
[Black "Libiszewski, Fabien"]
[Result "1-0"]
[WhiteElo "2620"]
[BlackElo "2481"]
[PlyCount "113"]
[EventDate "2018.??.??"]

1. e4 e6 2. d4 d5 3. Nc3 Nf6 4. e5 Nfd7 5. f4 c5 6. Nf3 Nc6 7. Be3 cxd4 8. Nxd4
Bc5 9. Qd2 O-O 10. Nce2 Qb6 11. c3 a5 12. Bg1 a4 13. g3 Ndb8 14. Bh3 Bd7 15.
Bf2 Nxd4 16. Bxd4 Nc6 17. O-O Nxd4 18. Nxd4 Rac8 19. f5 exf5 20. Bxf5 Bxf5 21.
Rxf5 Bxd4+ 22. cxd4 Rc4 23. Rd1 Rfc8 24. Rf2 h6 25. Qf4 R8c7 26. Rdd2 Qe6 27.
Kg2 Qg6 28. Qf3 Qe6 29. Qd3 Qb6 30. Rf3 Rc8 31. b3 axb3 32. axb3 R4c7 33. Rdf2
Qe6 34. h3 Ra8 35. Rf4 Rac8 36. Qb5 Rd8 37. Rg4 Qc6 38. Qd3 Qc3 39. Qf5 Qc6 40.
h4 Kh8 41. Qh5 Kg8 42. Rgf4 Rdd7 43. Qg4 Re7 44. Rf6 Re6 45. h5 b5 46. R6f4 b4
47. Ra2 Re8 48. Rf6 Qc1 49. Raf2 Qe3 50. Rd6 Qxb3 51. Rxh6 Qb1 52. Rb6 Rc1 53.
Qf3 Rg1+ 54. Kh2 Re7 55. h6 Re1 56. Rb8+ Kh7 57. hxg7 1-0

[Event "BL 1819 SG Solingen - SC Viernheim"]
[Site "?"]
[Date "2018.12.16"]
[Round "6.7"]
[White "Beikert, Guenther"]
[Black "Andersen, Mads"]
[Result "0-1"]
[WhiteElo "2399"]
[BlackElo "2605"]
[PlyCount "90"]
[EventDate "2018.??.??"]

1. d4 Nf6 2. Nf3 d5 3. c4 c6 4. Nc3 e6 5. cxd5 exd5 6. Qc2 Be7 7. Bg5 Nbd7 8.
e3 h6 9. Bh4 Nh5 10. Bxe7 Qxe7 11. O-O-O Nb6 12. Ne5 Nf6 13. Bd3 Be6 14. f4
Nfd7 15. Rhe1 Nxe5 16. dxe5 O-O-O 17. Kb1 Kb8 18. Rc1 Rc8 19. Qf2 g5 20. e4 d4
21. Ne2 c5 22. f5 Bd7 23. Qg3 Ka8 24. b3 Rhe8 25. Ng1 Qxe5 26. Qxe5 Rxe5 27.
Re2 g4 28. h3 h5 29. Rec2 Bc6 30. Rxc5 Rxc5 31. Rxc5 Nd7 32. Rc1 Ne5 33. Bf1
Bxe4+ 34. Kb2 Rxc1 35. Kxc1 d3 36. hxg4 hxg4 37. f6 Kb8 38. Kd2 Kc7 39. Ke3 Bg6
40. g3 Kd6 41. Bg2 b6 42. Bb7 Ke6 43. Ba6 Kxf6 44. b4 Ke6 45. a3 Kd5 0-1

[Event "BL 1819 SG Solingen - SC Viernheim"]
[Site "?"]
[Date "2018.12.16"]
[Round "6.8"]
[White "Naumann, Alexander"]
[Black "Mandel, Andreas"]
[Result "1-0"]
[WhiteElo "2533"]
[BlackElo "2392"]
[PlyCount "73"]
[EventDate "2018.??.??"]

1. e4 c5 2. Nf3 d6 3. d4 cxd4 4. Nxd4 Nf6 5. Nc3 Nc6 6. f3 e6 7. Be3 Be7 8. Qd2
O-O 9. O-O-O a6 10. g4 Nxd4 11. Bxd4 b5 12. g5 Nd7 13. h4 Bb7 14. a3 Rc8 15.
Kb1 Ne5 16. Qe3 Nc4 17. Bxc4 Rxc4 18. f4 Qc7 19. Rhe1 Rc8 20. f5 b4 21. axb4
Rxb4 22. f6 Bf8 23. fxg7 Bxg7 24. Bxg7 Kxg7 25. Rd4 Qb6 26. Rxb4 Qxb4 27. Qf2
Kg8 28. Qf6 d5 29. exd5 Bxd5 30. Rf1 Qf8 31. Nxd5 exd5 32. Qxa6 Qc5 33. Qd3 Qa5
34. Qf5 Rc7 35. h5 Qa6 36. Re1 Qc6 37. h6 1-0

[Event "BL 1819 Düsseldorfer SK - SV Hockenhei"]
[Site "?"]
[Date "2018.12.16"]
[Round "6.1"]
[White "Shankland, Samuel"]
[Black "Miedema, David"]
[Result "1-0"]
[WhiteElo "2724"]
[BlackElo "2369"]
[PlyCount "75"]
[EventDate "2018.??.??"]

1. e4 c5 2. Nf3 Nc6 3. d4 cxd4 4. Nxd4 Nf6 5. Nc3 e5 6. Ndb5 d6 7. Bg5 a6 8.
Na3 b5 9. Bxf6 gxf6 10. Nd5 f5 11. c3 Bg7 12. Bd3 Be6 13. O-O O-O 14. Nc2 Bxd5
15. exd5 Ne7 16. Re1 e4 17. Bf1 Re8 18. a4 bxa4 19. Rxa4 Qb6 20. Ra2 Qc5 21. c4
a5 22. Re3 a4 23. Rea3 Ra7 24. Qb1 Rea8 25. g3 Qc8 26. Qd1 f4 27. Nd4 Qc5 28.
Nb5 Ra5 29. gxf4 f5 30. Qd2 Rxb5 31. cxb5 Nxd5 32. Rxa4 Rxa4 33. Rxa4 Nb6 34.
b4 Qc7 35. Ra6 Bc3 36. Qe3 Qg7+ 37. Kh1 Bd4 38. Rxb6 1-0

[Event "BL 1819 Düsseldorfer SK - SV Hockenhei"]
[Site "?"]
[Date "2018.12.16"]
[Round "6.2"]
[White "Stark, Lars"]
[Black "Vitiugov, Nikita"]
[Result "0-1"]
[WhiteElo "2374"]
[BlackElo "2719"]
[PlyCount "60"]
[EventDate "2018.??.??"]

1. c4 c6 2. Nf3 d5 3. e3 Nf6 4. Nc3 Nbd7 5. Qc2 e5 6. cxd5 Nxd5 7. d4 Nb4 8.
Qd1 exd4 9. Nxd4 Nb6 10. Be2 g6 11. O-O Bg7 12. Qb3 c5 13. Bb5+ Bd7 14. Bxd7+
Qxd7 15. Rd1 Qe7 16. Nc2 a5 17. Nxb4 axb4 18. Nd5 Nxd5 19. Rxd5 O-O 20. Rd1
Rfd8 21. Re1 b5 22. e4 c4 23. Qc2 b3 24. Qb1 Qb4 25. Rf1 Qa4 26. a3 b4 27. Bg5
c3 28. Qe1 cxb2 29. Rb1 bxa3 30. Bxd8 a2 0-1

[Event "BL 1819 Düsseldorfer SK - SV Hockenhei"]
[Site "?"]
[Date "2018.12.16"]
[Round "6.3"]
[White "Cheparinov, Ivan"]
[Black "De Gleria, Francesco"]
[Result "1-0"]
[WhiteElo "2709"]
[BlackElo "2382"]
[PlyCount "67"]
[EventDate "2018.??.??"]

1. e4 c5 2. Nf3 d6 3. d4 cxd4 4. Nxd4 Nf6 5. Nc3 Nc6 6. Bg5 e6 7. Qd2 a6 8.
O-O-O Bd7 9. f3 Nxd4 10. Qxd4 Qa5 11. Be3 Bc6 12. Kb1 Be7 13. g4 d5 14. g5 dxe4
15. gxf6 Bxf6 16. Qc4 Bxc3 17. Qxc3 Qxc3 18. bxc3 exf3 19. Rg1 Rg8 20. Bg5 f5
21. Bc4 Kf7 22. Rge1 Rae8 23. Rd6 Be4 24. Rd7+ Kg6 25. Be7 f2 26. Rf1 Bc6 27.
Rc7 Rc8 28. Bd6 Rxc7 29. Bxc7 Kf6 30. Rxf2 Rc8 31. Bb6 e5 32. Rd2 Be4 33. Bd8+
Kg6 34. Rd6+ 1-0

[Event "BL 1819 Düsseldorfer SK - SV Hockenhei"]
[Site "?"]
[Date "2018.12.16"]
[Round "6.4"]
[White "Coenen, Michael"]
[Black "Fedoseev, Vladimir"]
[Result "0-1"]
[WhiteElo "2355"]
[BlackElo "2719"]
[PlyCount "82"]
[EventDate "2018.??.??"]

1. e4 c5 2. Nf3 d6 3. Nc3 a6 4. a4 Bg4 5. Bc4 e6 6. h3 Bxf3 7. Qxf3 Nc6 8. O-O
h5 9. d3 g5 10. Qg3 g4 11. f4 gxf3 12. Qxf3 Ne5 13. Qf2 Bh6 14. Bb3 Bxc1 15.
Raxc1 Rh6 16. Ne2 Qg5 17. Qf4 Qxf4 18. Nxf4 Rc8 19. Ba2 Ne7 20. c3 N7g6 21.
Rcd1 Nxf4 22. Rxf4 Ke7 23. d4 cxd4 24. cxd4 Nd7 25. Bb3 Rg6 26. Rdf1 Rf6 27. g3
Rxf4 28. Rxf4 Nf6 29. e5 dxe5 30. dxe5 Nd7 31. Bd1 Rc1 32. Rf1 h4 33. Bf3 Rc7
34. Re1 hxg3 35. a5 Rc5 36. Bxb7 Nxe5 37. Kg2 Rxa5 38. Bxa6 Rxa6 39. Rxe5 Rb6
40. Kxg3 Rb3+ 41. Kg4 f5+ 0-1

[Event "BL 1819 Düsseldorfer SK - SV Hockenhei"]
[Site "?"]
[Date "2018.12.16"]
[Round "6.5"]
[White "Saric, Ivan"]
[Black "Harff, Marcel"]
[Result "1/2-1/2"]
[WhiteElo "2695"]
[BlackElo "2403"]
[PlyCount "104"]
[EventDate "2018.??.??"]

1. e4 c5 2. Nf3 Nc6 3. Bb5 g6 4. Bxc6 dxc6 5. d3 Bg7 6. h3 Nf6 7. Nc3 Qc7 8.
Be3 b6 9. Qd2 e5 10. Bh6 O-O 11. Nh2 Re8 12. Bxg7 Kxg7 13. Ng4 Ng8 14. O-O-O
Be6 15. Ne2 Rad8 16. Qc3 f6 17. g3 Qd7 18. f3 Bxg4 19. hxg4 Nh6 20. Rdf1 Nf7
21. Kb1 Rh8 22. Qe1 a5 23. Qf2 Rdf8 24. a3 Nd6 25. Nc3 Nb5 26. Qd2 Nxc3+ 27.
Qxc3 Re8 28. Rh2 h6 29. Rhf2 Qd4 30. Qd2 Rhf8 31. f4 c4 32. Rh2 cxd3 33. c3
Qxe4 34. Re1 Qd5 35. fxe5 g5 36. exf6+ Kxf6 37. Rxe8 Rxe8 38. c4 Qxc4 39. Rxh6+
Kf7 40. Qf2+ Kg8 41. Rg6+ Kh7 42. Rd6 Rf8 43. Qh2+ Kg8 44. Rg6+ Kf7 45. Rxg5
Ke8 46. Rf5 Rxf5 47. gxf5 Qe4 48. Qh5+ Kd7 49. Qf7+ Kd6 50. Qf6+ Kd7 51. Qf7+
Kd6 52. Qf6+ Kd7 1/2-1/2

[Event "BL 1819 Düsseldorfer SK - SV Hockenhei"]
[Site "?"]
[Date "2018.12.16"]
[Round "6.6"]
[White "Kohlweyer, Bernd"]
[Black "Buhmann, Rainer"]
[Result "1/2-1/2"]
[WhiteElo "2341"]
[BlackElo "2576"]
[PlyCount "60"]
[EventDate "2018.??.??"]

1. c4 e6 2. Nf3 d5 3. d4 Nf6 4. g3 Bb4+ 5. Nbd2 dxc4 6. Bg2 a5 7. O-O b5 8. a4
c6 9. Qc2 Ra7 10. b3 cxb3 11. Nxb3 O-O 12. Rd1 Be7 13. Ne5 Nd5 14. Bd2 Nb4 15.
Qb2 f6 16. Bxb4 axb4 17. Nxc6 Nxc6 18. Bxc6 bxa4 19. Bxa4 Qb6 20. Nd2 Kh8 21.
Nc4 Qb8 22. Bc6 Rd8 23. e3 Rxa1 24. Qxa1 Qc7 25. Qa4 h6 26. Rc1 Bb7 27. Bxb7
Qxb7 28. Nd2 Rb8 29. Qc6 Qb6 30. Nb3 Kg8 1/2-1/2

[Event "BL 1819 Düsseldorfer SK - SV Hockenhei"]
[Site "?"]
[Date "2018.12.16"]
[Round "6.7"]
[White "Wagner, Dennis"]
[Black "Hainke, Guntram"]
[Result "1-0"]
[WhiteElo "2576"]
[BlackElo "2344"]
[PlyCount "87"]
[EventDate "2018.??.??"]

1. e4 Nf6 2. e5 Nd5 3. d4 d6 4. c4 Nb6 5. exd6 exd6 6. Nc3 Be7 7. Bd3 O-O 8.
Nge2 Na6 9. O-O c6 10. a3 Re8 11. Qc2 g6 12. Bh6 Be6 13. b3 d5 14. c5 Nd7 15.
f4 Bf8 16. Bg5 f6 17. Bh4 Bf7 18. f5 g5 19. Bf2 Nc7 20. b4 b6 21. Nc1 Re7 22.
Nb3 Ne8 23. Rfc1 bxc5 24. bxc5 Ng7 25. h4 Nh5 26. Ne2 Nf4 27. Nxf4 gxf4 28. Re1
Rxe1+ 29. Bxe1 Bh6 30. Qf2 Rb8 31. Ba5 Qc8 32. Bc2 Bh5 33. Re1 Nf8 34. g4 fxg3
35. Qxg3+ Kh8 36. Re7 Rb7 37. Bc7 Nd7 38. Bf4 Bf8 39. Re6 Bf7 40. Re2 Nb8 41.
Rg2 Qd8 42. Bd1 Na6 43. Kh2 Nb8 44. Bh5 1-0

[Event "BL 1819 Düsseldorfer SK - SV Hockenhei"]
[Site "?"]
[Date "2018.12.16"]
[Round "6.8"]
[White "Agrest, Inna"]
[Black "Banusz, Tamas"]
[Result "0-1"]
[WhiteElo "2274"]
[BlackElo "2612"]
[PlyCount "90"]
[EventDate "2018.??.??"]

1. e4 e5 2. Nf3 Nc6 3. Bb5 a6 4. Ba4 b5 5. Bb3 Na5 6. O-O d6 7. Nc3 Nf6 8. d3
Be7 9. Bg5 c6 10. Ne2 h6 11. Bd2 Nxb3 12. axb3 Bg4 13. Ng3 h5 14. h3 h4 15. Nf5
Bxf5 16. exf5 Qd7 17. Bg5 Ng8 18. Qd2 Qxf5 19. Bxe7 Nxe7 20. Ra5 f6 21. Rfa1
Qc8 22. Qb4 d5 23. Qa3 g5 24. Nh2 Kf7 25. Rxa6 Rxa6 26. Qxa6 Qxa6 27. Rxa6 Rc8
28. Ng4 d4 29. Kf1 Nd5 30. Ke1 Ke6 31. Kd2 Nf4 32. c4 f5 33. Nh2 bxc4 34. bxc4
Nxg2 35. b4 Nf4 36. Nf3 Nxh3 37. Ra5 g4 38. Nxh4 Kf6 39. f3 Nf4 40. Nxf5 Kxf5
41. fxg4+ Ke6 42. Ra6 Rh8 43. Rxc6+ Kd7 44. b5 Rh2+ 45. Kd1 Nxd3 0-1

[Event "BL 1819 SV Werder Bremen - SF Berlin"]
[Site "?"]
[Date "2018.12.16"]
[Round "6.1"]
[White "Piorun, Kacper"]
[Black "Fressinet, Laurent"]
[Result "1/2-1/2"]
[WhiteElo "2634"]
[BlackElo "2650"]
[PlyCount "40"]
[EventDate "2018.??.??"]

1. c4 e5 2. g3 Nf6 3. Bg2 Bc5 4. Nc3 c6 5. e3 d5 6. cxd5 Nxd5 7. d4 exd4 8.
exd4 Bb4 9. Nge2 O-O 10. O-O Be6 11. Bd2 Na6 12. a3 Be7 13. Nf4 Nxf4 14. Bxf4
Nc7 15. Re1 Nd5 16. Nxd5 cxd5 17. Qb3 Qd7 18. Rac1 Rac8 19. Rxc8 Rxc8 20. Rc1
Rxc1+ 1/2-1/2

[Event "BL 1819 SV Werder Bremen - SF Berlin"]
[Site "?"]
[Date "2018.12.16"]
[Round "6.2"]
[White "Areshchenko, Alexander"]
[Black "Moranda, Wojciech"]
[Result "1-0"]
[WhiteElo "2656"]
[BlackElo "2602"]
[PlyCount "89"]
[EventDate "2018.??.??"]

1. e4 d6 2. d4 Nf6 3. Nc3 e5 4. Nf3 Nbd7 5. Bc4 Be7 6. a4 O-O 7. O-O a5 8. Re1
c6 9. h3 h6 10. Be3 Re8 11. Qe2 exd4 12. Bxd4 Bf8 13. Bb3 Ne5 14. Rad1 Qc7 15.
Nd2 Be6 16. f4 Ned7 17. Qf3 Rad8 18. Re2 Bxb3 19. Nxb3 d5 20. e5 Nh7 21. Rde1
Bb4 22. Bf2 Kh8 23. Kh1 Ndf8 24. Bh4 Be7 25. Bxe7 Rxe7 26. Nd4 g6 27. f5 Qb6
28. Qf4 g5 29. Qd2 Qc7 30. Nd1 Rde8 31. Qc3 Kg8 32. Nf2 Rxe5 33. Ng4 f6 34.
Nxe5 fxe5 35. Ne6 Rxe6 36. fxe6 e4 37. Rf2 Nxe6 38. Ref1 b6 39. Rf7 Qd6 40. Ra7
d4 41. Qb3 e3 42. Qd3 Nef8 43. Rff7 Nf6 44. Rxf8+ Kxf8 45. Qg6 1-0

[Event "BL 1819 SV Werder Bremen - SF Berlin"]
[Site "?"]
[Date "2018.12.16"]
[Round "6.3"]
[White "Sprenger, Jan Michael"]
[Black "Efimenko, Zahar"]
[Result "1/2-1/2"]
[WhiteElo "2496"]
[BlackElo "2638"]
[PlyCount "88"]
[EventDate "2018.??.??"]

1. e4 e5 2. Nf3 Nc6 3. Bb5 a6 4. Ba4 Nf6 5. O-O Be7 6. Re1 b5 7. Bb3 O-O 8. c3
d6 9. h3 Nb8 10. d4 Nbd7 11. Nbd2 c5 12. dxe5 dxe5 13. c4 Bb7 14. Bc2 Qc7 15.
Bd3 b4 16. Nf1 Rfe8 17. Qc2 Nb8 18. Ne3 Nc6 19. Nd5 Qd6 20. b3 Nd7 21. Bd2 a5
22. a3 h6 23. Bf1 Nf8 24. g3 Ne6 25. h4 Ned4 26. Nxd4 Nxd4 27. Qd1 Bxd5 28.
cxd5 a4 29. bxa4 b3 30. Bc3 Nc2 31. Bb5 Reb8 32. Rc1 Nxe1 33. Bxe1 Qg6 34. Qxb3
Qxe4 35. Bd2 Qg6 36. Qc4 Bd6 37. Be3 e4 38. Bxc5 Rd8 39. Bxd6 Rxd6 40. Bc6 Rb8
41. Re1 f5 42. a5 Rf8 43. Kg2 Qf6 44. Qc1 Qe7 1/2-1/2

[Event "BL 1819 SV Werder Bremen - SF Berlin"]
[Site "?"]
[Date "2018.12.16"]
[Round "6.4"]
[White "Hracek, Zbynek"]
[Black "Schreiner, Peter"]
[Result "1/2-1/2"]
[WhiteElo "2568"]
[BlackElo "2479"]
[PlyCount "43"]
[EventDate "2018.??.??"]

1. e4 e5 2. Nf3 Nc6 3. Bb5 a6 4. Ba4 Nf6 5. O-O Be7 6. Re1 b5 7. Bb3 d6 8. c3
O-O 9. h3 Nb8 10. d4 Nbd7 11. Nbd2 Bb7 12. Bc2 Re8 13. a4 Bf8 14. Bd3 c6 15. b3
g6 16. Qc2 Bg7 17. Ba3 Qc7 18. Bb2 Nh5 19. Bf1 Nf4 20. g3 Ne6 21. b4 Nb6 22.
dxe5 1/2-1/2

[Event "BL 1819 SV Werder Bremen - SF Berlin"]
[Site "?"]
[Date "2018.12.16"]
[Round "6.5"]
[White "Baldauf, Marco"]
[Black "Nyback, Tomi"]
[Result "1/2-1/2"]
[WhiteElo "2479"]
[BlackElo "2577"]
[PlyCount "82"]
[EventDate "2018.??.??"]

1. c4 Nf6 2. Nf3 c5 3. Nc3 Nc6 4. d4 cxd4 5. Nxd4 e6 6. Bf4 d6 7. Nxc6 bxc6 8.
g3 Be7 9. Bg2 Bb7 10. Qa4 O-O 11. Rd1 d5 12. O-O Qb6 13. Qc2 Ba6 14. b3 dxc4
15. Rc1 cxb3 16. axb3 Nd5 17. Na4 Qb5 18. Bf3 Rac8 19. Rfd1 Rfd8 20. Be5 c5 21.
Nb2 Bb7 22. Qc4 Qe8 23. Qg4 g6 24. Nd3 Ba8 25. Ra1 Rd7 26. Bb2 Nf6 27. Qf4 Nd5
28. Qg4 Nf6 29. Qf4 Nd5 30. Qc4 f6 31. e4 Nc7 32. Rxa7 Rcd8 33. Kg2 Bc6 34. Nf4
Rxd1 35. Bxd1 Rxd1 36. Rxc7 Bd7 37. Nxe6 Bb5 38. Qc2 Bf1+ 39. Kg1 Be2+ 40. Kg2
Bf1+ 41. Kg1 Be2+ 1/2-1/2

[Event "BL 1819 SV Werder Bremen - SF Berlin"]
[Site "?"]
[Date "2018.12.16"]
[Round "6.6"]
[White "Babula, Vlastimil"]
[Black "Jakubowski, Krzysztof"]
[Result "1/2-1/2"]
[WhiteElo "2541"]
[BlackElo "2522"]
[PlyCount "50"]
[EventDate "2018.??.??"]

1. d4 Nf6 2. c4 e6 3. Nc3 d5 4. cxd5 exd5 5. Bg5 c6 6. Qc2 Na6 7. e3 Nb4 8. Qb1
h6 9. Bh4 g5 10. Bg3 Ne4 11. Nxe4 dxe4 12. a3 Nd5 13. h4 Bf5 14. hxg5 Qxg5 15.
Nh3 Qg8 16. Qc1 Bxh3 17. Rxh3 f5 18. Qc2 O-O-O 19. O-O-O Qe6 20. Bc4 Bd6 21.
Bxd6 Rxd6 22. Rdh1 Kb8 23. Kb1 Qg6 24. g3 Nf6 25. Rc1 Rc8 1/2-1/2

[Event "BL 1819 SV Werder Bremen - SF Berlin"]
[Site "?"]
[Date "2018.12.16"]
[Round "6.7"]
[White "Thiede, Lars"]
[Black "Fish, Gennadij"]
[Result "0-1"]
[WhiteElo "2412"]
[BlackElo "2457"]
[PlyCount "92"]
[EventDate "2018.??.??"]

1. Nf3 c5 2. g3 Nc6 3. c4 g6 4. Bg2 Bg7 5. O-O e6 6. Nc3 Nge7 7. d3 O-O 8. Bd2
d5 9. Qc1 b6 10. Bh6 Bb7 11. Bxg7 Kxg7 12. cxd5 Nxd5 13. Re1 Rc8 14. Nxd5 Qxd5
15. Qc3+ f6 16. a3 Nd4 17. Rac1 e5 18. Nh4 Qd7 19. Bxb7 Qxb7 20. e3 Ne6 21. f4
Qd5 22. fxe5 fxe5 23. Rf1 Rcd8 24. Rxf8 Rxf8 25. e4 Qd6 26. Rf1 Nd4 27. Qd2
Rxf1+ 28. Kxf1 Qf6+ 29. Qf2 Qg5 30. Kg2 a5 31. Nf3 Nxf3 32. Kxf3 Qf6+ 33. Ke2
Qxf2+ 34. Kxf2 a4 35. Kf3 Kf6 36. Kg4 b5 37. Kh4 h6 38. Kg4 Kf7 39. h4 h5+ 40.
Kg5 Kg7 41. g4 hxg4 42. Kxg4 Kh6 43. Kg3 Kh5 44. Kh3 g5 45. hxg5 Kxg5 46. Kg3
c4 0-1